Eight short stories /

Saved in:
Bibliographic Details
Main Author: Waugh, Alec, 1898-
Format: Book
Language:English
Published: London : Melbourne : Cassell, 1937.
LEADER 00739nam a2200205 a 4500
001 c000090992
003 CARM
005 00000000000000.0
008 930715s1937 enk 00011 eng d
019 1 |a 10204453  |5 LACONCORD2021 
035 |a (OCoLC)4387860  |5 LACONCORD2021 
040 |a VLINC  |c VLINC 
100 1 |a Waugh, Alec,  |d 1898- 
245 1 0 |a Eight short stories /  |c by Alec Waugh. 
260 |a London :  |a Melbourne :  |b Cassell,  |c 1937. 
300 |a vii, 296 p. :  |b ill. ;  |c 20 cm. 
852 8 |b CARM  |h A2:AB27G0  |i A01248  |p 0119409  |f BK 
082 0 4 |a 823.912  |2 20 
999 f f |i 7094a0ce-45f4-5df3-9619-cdba73977622  |s 4a9d1402-e7ea-5378-bcfc-7e22125995ff 
952 f f |p Can circulate  |a CAVAL  |b CAVAL  |c CAVAL  |d CARM 1 Store  |e A01248  |f A2:AB27G0  |h Other scheme  |i book  |m 0119409